|
|
|
|
| LEADER |
00000nab a2200000 a 4500 |
| 001 |
vtls000477079 |
| 003 |
SK-MaSNL |
| 005 |
20260304030004.0 |
| 008 |
250310c1992 xo 0 hun |
| 015 |
|
|
|a SNBRB19rr/mm-uuuuu
|
| 035 |
|
|
|a CL0477213
|
| 035 |
|
|
|a urn:nbn:sk:snk-abbft
|
| 035 |
|
|
|a (urnnbn)urn:nbn:sk:snk:ar-00357k
|
| 035 |
|
|
|a (uuid)284c25bb-f9b3-4d23-be23-c6e7af3d8080
|
| 040 |
|
|
|a SNKBUCL
|b slo
|c SNKBUCL
|e AACR2
|
| 041 |
0 |
|
|a hun
|
| 044 |
|
|
|a xo
|c SK
|
| 080 |
|
|
|a 885.4-3=945.11
|2 1981
|
| 100 |
1 |
|
|a Zbruž, Kamil,
|d 1964-
|4 aut
|9 101419
|
| 245 |
1 |
0 |
|a Megfakult árja vonás
|c Kamil Zbruž
|
| 300 |
|
|
|b Obr. 1
|
| 500 |
|
|
|a Inform. o autorovi od Marka Mihalkoviča
|
| 650 |
0 |
7 |
|a poviedky psychologické
|2 snkbucl
|9 893883
|
| 655 |
|
7 |
|a články z novín a časopisov
|2 snkbucl
|9 267496
|
| 655 |
|
7 |
|a články z odboru literárna veda a krásna literatúra
|2 snkbucl
|9 770045
|
| 773 |
0 |
|
|t Kalligram
|g Č. 4 (1992), s. 84-89
|
| 850 |
|
|
|a Slovenská národná knižnica v Martine
|a MTA001
|
| 852 |
|
|
|a SNK
|b KIS3GCP
|
| 958 |
|
|
|a OND
|
| 958 |
|
|
|a RK
|
| 958 |
|
|
|a HU
|
| 958 |
|
|
|a LX
|
| 958 |
|
|
|a article27
|
| 992 |
|
|
|a RBX
|
| 999 |
|
|
|c 2631004
|d 2632934
|